000 00608cam a2200217 4500
008 090401t1985 xxu||||| |||| 00| 0 eng d
020 _a0713451289
035 _a(Sirsi) u28820
041 _aeng
050 _a658.99091724
100 _aAl-Sedairy, S.T.
245 _aLarge-scale construction projects: management , design and execution
260 _aLondon
_bBatsford Academic and Educational
_c1985
300 _a109p. ; 30cm.
350 _a25
650 _aBUILDING PROJECTS
650 _aDEVELOPING COUNTRIES
650 _aMANAGEMENT-PROJECT MANAGEMENT
942 _n0
948 _c04/03/1997
999 _c89345
_d89345